CAN - Statistiques

Statistiques générales
  • Ce quiz a été pris 4 fois
  • Le résultat moyen est 12 sur 34
Statistiques - réponses
Hint Réponse % Correct
2010 Egypte
100%
2013 Nigeria
67%
1996 Afrique du Sud
33%
2019 Algérie
33%
1990 Algérie
33%
2000 Cameroun
33%
1988 Cameroun
33%
2002 Cameroun
33%
2017 Cameroun
33%
1984 Cameroun
33%
1972 Congo
33%
2023 Côte d'ivoire
33%
2015 Côte d'ivoire
33%
1992 Côte d'ivoire
33%
2006 Egypte
33%
1959 Egypte
33%
2008 Egypte
33%
1998 Egypte
33%
1986 Egypte
33%
1962 Ethiopie
33%
1957 Egypte
33%
1978 Ghana
33%
1965 Ghana
33%
1963 Ghana
33%
1982 Ghana
33%
1976 Maroc
33%
1980 Nigéria
33%
1994 Nigéria
33%
1968 RDC
33%
2021 Sénégal
33%
1970 Soudan
33%
2004 Tunisie
33%
1974 Zaïre
33%
2012 Zambie
33%
Aucun quiz correspondant
Distribution des résultats
% des personnes avec chaque résultat
Percentile par nombre de réponses
Votre historique - résultats
Vous n’avez pas pris ce quiz